000 00341nam a2200145Ia 4500
008 191201s2002 xx 000 0 und d
082 _a677.31
_bSIW
100 _aSIMPSON, W.S
245 0 _aWool Science and Technology
250 _a1st
260 _aU S A
_bWood Head Pub
_c2002
300 _a368
650 _aB.Tech(TE)
942 _2ddc
_cBK
999 _c4640
_d4640